| 000 | 00552nam a2200145Ia 4500 | ||
|---|---|---|---|
| 008 | 151213s9999 xx 000 0 und d | ||
| 100 | _aমেহের কবীর , কবীর চেীধুরী | ||
| 245 |
_aবেউলফ _cমেহের কবীর , কবীর চেীধুরী |
||
| 260 |
_aঢাকা _bবাংলা ্্্একাডেমী _c1985 |
||
| 300 | _a6506 p. | ||
| 650 | _aBangla | ||
| 650 | _aবাংলা | ||
| 700 | _aমেহের কবীর , কবীর চেীধুরী | ||
| 999 |
_c3596 _d3596 |
||